| 000 | 00454cam a2200181ua 4500 | ||
|---|---|---|---|
| 001 | 5542 | ||
| 008 | 131004n ii |||gr||||Z||||||eng | ||
| 020 | _a978-93-80261-30-0 | ||
| 040 | _cMAIN | ||
| 082 | _a305.4 | ||
| 100 | 1 |
_aDas,Madhusree, _eauthor., |
|
| 245 |
_aTribal Women Of Assam _cby Madhushree Das |
||
| 260 |
_aGuwahati: _bEBH Publishers, _c2012. |
||
| 300 | _axi,251p. | ||
| 653 | _aSociology | ||
| 653 | _aTribal Women of Assam | ||
| 942 | _cBK | ||
| 999 |
_c4708 _d4708 |
||